000 004060000a22001690004500
003 MACL
005 20151222134926.0
008 151222b xxu||||| |||| 00| 0 eng d
040 _aMACL
_cMACL
041 _aEnglish
082 _a910/AGA
100 _aPatil, Vimla
_97211
245 _aBombay
260 _bMcLaren Publishing Ltd
_c1988
_aHong Kong
650 _aTravel
_921953
942 _cBK
_k910/AGA
_2ddc
999 _c39751
_d39751